Design for ergonomics

This book focuses on the global quality of the design of systems that people interact with during their work activities and daily lives; a quality that involves the globality of people's experience - physical, sensory, cognitive and emotional. It presents a concise and structured overview of th...

Full description

Saved in:
Bibliographic Details
Main Author Tosi, Francesca (Author)
Format Electronic eBook
LanguageEnglish
Published Cham : Springer, [2020]
SeriesSpringer series in design and innovation ; v. 2.
Subjects
Online AccessFull text
ISBN9783030335625
9783030335618
9783030335632
9783030335649
Physical Description1 online zdroj.

Cover

LEADER 00000nam a2200000 i 4500
001 115489
003 CZ-ZlUTB
005 20260416143926.0
006 m o d
007 cr |n|||||||||
008 191126s2020 sz ob 000 0 eng d
040 |a EBZ  |b eng  |c EBZ  |e rda 
020 |a 9783030335625  |q (electronic bk.) 
020 |z 9783030335618 
020 |z 9783030335632  |q (print) 
020 |z 9783030335649  |q (print) 
024 7 |a 10.1007/978-3-030-33 
024 7 |a 10.1007/978-3-030-33562-5  |2 doi 
100 1 |a Tosi, Francesca,  |e author. 
245 1 0 |a Design for ergonomics /  |c Francesca Tosi. 
264 1 |a Cham :  |b Springer,  |c [2020] 
264 4 |c ©2020 
300 |a 1 online zdroj. 
336 |a text  |b txt  |2 rdacontent 
337 |a počítač  |b c  |2 rdamedia 
338 |a online zdroj  |b cr  |2 rdacarrier 
490 1 |a Springer series in design and innovation ;  |v volume 2 
506 |a Plný text je dostupný pouze z IP adres počítačů Univerzity Tomáše Bati ve Zlíně nebo vzdáleným přístupem pro zaměstnance a studenty 
588 0 |a Online resource; title from PDF title page (SpringerLink, viewed December 5, 2019). 
504 |a Obsahuje bibliografické odkazy. 
505 0 |a ERGONOMICS & DESIGN -- DESIGN FOR ERGONOMICS -- THE COMPONENTS OF INTERACTION BETWEEN PEOPLE AND SYSTEMS -- PROJECT PROBLEMS AND INTERVENTION CRITERIA. 
520 |a This book focuses on the global quality of the design of systems that people interact with during their work activities and daily lives; a quality that involves the globality of people's experience - physical, sensory, cognitive and emotional. It presents a concise and structured overview of the ergonomic approach to planning, and of methodological and operational tools from ergonomic research that can more directly and concretely contribute to the design process. The book also explores physical ergonomics and cognitive ergonomics, which are essential components of design culture. The final section addresses the main design problems and intervention criteria regarding the design of environments, products and equipment, as well as the design of communication, training and learning interface systems based on digital technologies. The book is chiefly intended for designers and anyone interested in the methods, tools and opportunities for in-depth analysis and development that ergonomics can offer regarding the conception, production and testing of products, environments and services, whether physical or virtual. It also offers a learning resource for professionals and students in Industrial Design and Planning. 
650 0 |a Human engineering. 
650 0 |a Environmental psychology. 
655 7 |a elektronické knihy  |7 fd186907  |2 czenas 
655 9 |a electronic books  |2 eczenas 
776 0 8 |i Print version:  |z 3030335615  |z 9783030335618 
830 0 |a Springer series in design and innovation ;  |v v. 2. 
856 4 0 |u https://search.ebscohost.com/login.aspx?direct=true&scope=site&db=nlebk&db=nlabk&AN=2316752&authtype=ip,shib&custid=s3936755 
992 |c EBOOK-TN  |c EBSCO 
993 |x NEPOSILAT  |y EIZ 
999 |c 115489  |d 115489